| 000 | 00930nam a2200301 a 4500 | ||
|---|---|---|---|
| 999 |
_c48680 _d48680 |
||
| 001 | 1603911 | ||
| 005 | 20191030144749.0 | ||
| 008 | 940421s1993 enkabc b 000 0beng d | ||
| 010 | _a 94149234 | ||
| 020 | _a0854763872 | ||
| 035 | _a(OCoLC)29399646 | ||
| 040 |
_aUkLW _cUkLW _dUk _dDLC |
||
| 042 | _alccopycat | ||
| 043 | _afs----- | ||
| 100 | 1 | _aMackenzie, Rob. | |
| 245 | 1 | 0 |
_aDavid Livingstone : _bthe truth behind the legend / _cRob Mackenzie. |
| 260 |
_aEastbourne : _bKingsway Publications, _c1993. |
||
| 300 |
_a423 p. : _bill., maps, ports. ; _c20 cm. |
||
| 336 | _atext | ||
| 337 | _aunmediated | ||
| 338 | _avolume | ||
| 504 | _aIncludes bibliographical references. | ||
| 600 | 1 | 0 |
_aLivingstone, David, _d1813-1873. |
| 650 | 0 |
_aExplorers _zAfrica, Southern _xBiography. |
|
| 650 | 0 |
_aExplorers _zScotland _xBiography. |
|
| 650 | 0 |
_aMissionaries, Medical _zAfrica, Southern _xBiography. |
|
| 942 |
_2lcc _cBK |
||